00352nam a22001097a 4500082002000000100002100020245009400041260004000135300001200175650003300187700002200220 a355.0095491 SCH aSchofield, Carey a Inside the Pakistan Army : a woman's experience on the frontline of the war on terror aLondon :bBiteback Publishingc2011 a232p. : aWar on Terrorism (2001-2009) a Carey Schofield